Statistics for Countries that Beat Greece

Click here to take the quiz!

General Stats

  • This quiz has been taken 10,141 times
    (10,104 since last reset)
  • The average score is 13 of 16

Answer Stats

Rank Category Countries % Correct
3Southernmost point on mainland Europe
* including territories
Spain | United Kingdom
96%
5Country containing the most populous urban area
situated on the Mediterranean Sea
Egypt | Spain | Italy | Algeria
96%
4Country containing the largest Mediterranean islandItaly | Cyprus | France
94%
5Greatest number of Orthodox ChristiansRussia | Ethiopia | Ukraine | Romania
93%
4Most populous country whose name begins with GGermany | Ghana | Guatemala
93%
5European country with the most
islands >10 km2 in size
Russia | Denmark | Norway |
United Kingdom
91%
4 (t)Country whose flag has the most stripesMalaysia | United States | Liberia
90%
9European country with the highest obesity rateMalta | United Kingdom | Hungary | Lithuania |
Czech Republic | Andorra | Ireland | Bulgaria
89%
2European country with the southernmost capitalMalta
88%
4Highest olive oil productionSpain | Morocco | Turkey
88%
5Easternmost NATO memberUnited States | Turkey | Norway | Romania
87%
12Lowest fertility rateSingapore | Taiwan | South Korea |
Bosnia and Herzegovina | Poland | Romania |
Slovenia | Andorra | Croatia | Slovakia | Japan
79%
5European country whose flag has the most whiteFinland | Monaco | Poland | Malta
77%
4Poorest country in the EU (2020, PPP)Bulgaria | Croatia | Romania
69%
6Country producing the most figs (Source)Turkey | Egypt | Morocco | Iran | Algeria
63%
2Highest national debt to GDP ratio (2017)Japan
27%

Score Distribution

Percentile by Number Answered

Percent of People with Each Score

Your Score History

You have not taken this quiz since the last reset